|
|
|
|
| LEADER |
00686nam a22001932a 4500 |
| 001 |
000970019 |
| 003 |
CZ BrMZK |
| 005 |
20100316152611.0 |
| 007 |
ta |
| 008 |
091008s1959 gw f er|||||||||||ger d |
| 040 |
|
|
|a ABA001
|b cze
|c ABA001
|d ABA001
|d BOA001
|
| 100 |
1 |
|
|a Wolf, Gerhard,
|d 1928-
|7 jo2007399924
|4 aut
|
| 245 |
1 |
0 |
|a Sputnik contra Bombe :
|b Lyrik, Prosa, Berichte /
|c herausgegeben von Gerhard Wolf
|
| 260 |
|
|
|a Berlin :
|b Verlag des Ministeriums für Nationale Verteidigung,
|c 1959
|
| 300 |
|
|
|a 108 s., [8] s. obr. příl.
|
| 910 |
|
|
|a BOA001
|b 1-0422.460
|
| 990 |
|
|
|a BK
|
| 991 |
|
|
|b 200909
|
| 996 |
7 |
|
|b 2619421493
|c 1-0422.460
|l MZK
|r Sklad / do 1 hodiny
|n 0
|w 000970019
|u 000010
|a 1
|e BOA001
|j MZK50
|s A
|